ՀՀ Գիտությունների ազգային ակադեմիայի հիմնարար գիտական գրադարան  =   Fundamental Scientific Library of NAS RA

Հարություն Կալենց : Ցուցահանդեսի կատալոգ = (Record no. 117326)

MARC details
000 -LEADER
fixed length control field 00998nam a2200217 u 4500
001 - CONTROL NUMBER
control field 000316285
003 - CONTROL NUMBER IDENTIFIER
control field AM-YeHGA
005 - DATE AND TIME OF LATEST TRANSACTION
control field 20250617130431.0
008 - FIXED-LENGTH DATA ELEMENTS--GENERAL INFORMATION
fixed length control field 040310s1970 ai r 000 0 arm d
040 ## - CATALOGING SOURCE
Original cataloging agency AM-YeHGA
041 0# - LANGUAGE CODE
Language code of text/sound track or separate title arm
090 ## - LOCALLY ASSIGNED LC-TYPE CALL NUMBER (OCLC); LOCAL CALL NUMBER (RLIN)
-- 118674
245 00 - TITLE STATEMENT
Title Հարություն Կալենց : Ցուցահանդեսի կատալոգ =
Remainder of title Арутюн Каленц : Каталог выставки /
Statement of responsibility, etc. Կազմ.՝ Գ. Խոստիկյան; Հայաստանի նկարիչների միություն, Հայաստանի նկարչի տուն.
246 31 - VARYING FORM OF TITLE
Title proper/short title Арутюн Каленц : Каталог выставки
260 ## - PUBLICATION, DISTRIBUTION, ETC.
Place of publication, distribution, etc. Երևան :
Name of publisher, distributor, etc. Ա. հ.,
Date of publication, distribution, etc. 1970.
300 ## - PHYSICAL DESCRIPTION
Extent 94 էջ :
Other physical details նկ. ;
Dimensions 18 սմ.
650 14 - SUBJECT ADDED ENTRY--TOPICAL TERM
Topical term or geographic name entry element Գեղանկարչություն
General subdivision Ցուցահանդեսի կատալոգ
700 1# - ADDED ENTRY--PERSONAL NAME
Personal name Խոստիկյան, Գոհար
Relator term կազմ.
Relationship com
710 2# - ADDED ENTRY--CORPORATE NAME
Corporate name or jurisdiction name as entry element Հայաստանի նկարիչների միություն
710 2# - ADDED ENTRY--CORPORATE NAME
Corporate name or jurisdiction name as entry element Հայաստանի նկարչի տուն
Holdings
Withdrawn status Lost status Damaged status Not for loan Collection Home library Current library Date acquired Total checkouts Full call number Barcode Date last seen Price effective from Koha item type Public note
        General Fundamental Scientific Library Fundamental Scientific Library 22/12/2016   929:75(479.25) 220049664 22/12/2016 22/12/2016 Գրքեր / Books 30 Days Loan


ՀՀ ԳԱԱ հիմնարար գիտական գրադարան
ՀՀ,Երևան 0019
Մարշալ Բաղրամյան 24/6
հեռախոս:(374-10) 52-47-50
Հետադարձ կապ

All site content, except where otherwise noted, is licensed under a
Creative Commons License